Macroeconomic Effects of Reforms on Three Diverse Oil Exporters : Russia, Saudi Arabia, and the UK /

We build and estimate open economy two-bloc DSGE models to study the transmission and impact of shocks in Russia, Saudi Arabia and the United Kingdom. After accounting for country-specific fiscal and monetary sectors, we estimate their key policy and structural parameters. Our findings suggest that...

Повний опис

Бібліографічні деталі
Автор: Beidas-Strom, Samya
Інші автори: Lorusso, Marco
Формат: Журнал
Мова:English
Опубліковано: Washington, D.C. : International Monetary Fund, 2019.
Серія:IMF Working Papers; Working Paper ; No. 2019/214
Онлайн доступ:Full text available on IMF
LEADER 02235cas a2200253 a 4500
001 AALejournalIMF019424
008 230101c9999 xx r poo 0 0eng d
020 |c 5.00 USD 
020 |z 9781498320504 
022 |a 1018-5941 
040 |a BD-DhAAL  |c BD-DhAAL 
100 1 |a Beidas-Strom, Samya. 
245 1 0 |a Macroeconomic Effects of Reforms on Three Diverse Oil Exporters :   |b Russia, Saudi Arabia, and the UK /  |c Samya Beidas-Strom, Marco Lorusso. 
264 1 |a Washington, D.C. :  |b International Monetary Fund,  |c 2019. 
300 |a 1 online resource (66 pages) 
490 1 |a IMF Working Papers 
500 |a <strong>Off-Campus Access:</strong> No User ID or Password Required 
500 |a <strong>On-Campus Access:</strong> No User ID or Password Required 
506 |a Electronic access restricted to authorized BRAC University faculty, staff and students 
520 3 |a We build and estimate open economy two-bloc DSGE models to study the transmission and impact of shocks in Russia, Saudi Arabia and the United Kingdom. After accounting for country-specific fiscal and monetary sectors, we estimate their key policy and structural parameters. Our findings suggest that not only has output responded differently to shocks due to differing levels of diversification and structural and policy settings, but also the responses to fiscal consolidation differ: Russia would benefit from a smaller state foot-print, while in Saudi Arabia, unless this is accompanied by structural reforms that remove rigidities, output would fall. We also find that lower oil prices need not be bad news given more oil-intensive production structures. However, lower oil prices have hurt these oil producers as their public finances depend heavily on oil, among other factors. Productivity gains accompanied by ambitious structural reforms, along with fiscal and monetary reforms could support these economies to achieve better outcomes when oil prices fall, including via diversifying exports. 
538 |a Mode of access: Internet 
700 1 |a Lorusso, Marco. 
830 0 |a IMF Working Papers; Working Paper ;  |v No. 2019/214 
856 4 0 |z Full text available on IMF  |u http://elibrary.imf.org/view/journals/001/2019/214/001.2019.issue-214-en.xml  |z IMF e-Library